[Event "Morbihan 2012"]
[Site "?"]
[Date "2012.01.02"]
[Round "4.16"]
[White "Raoul, Joël"]
[Black "Bezy, Bernard"]
[Result "0-1"]
[WhiteElo "1150"]
[BlackElo "1530"]
[PlyCount "102"]
[EventDate "2012.??.??"]

1. d4 f5 2. Nc3 g6 3. e4 d6 4. Bb5+ c6 5. Ba4 Nf6 6. d5 fxe4 7. Nge2 b5 8. Bb3
c5 9. a3 a6 10. O-O Bb7 11. Bg5 c4 12. Ba2 Nbd7 13. f3 exf3 14. Rxf3 Bg7 15.
Qe1 Nxd5 16. Nxd5 Bxd5 17. Rf2 Bxb2 18. Rd1 Bf7 19. Bh6 Bxa3 20. Qf1 Bc5 21.
Nd4 Qb6 22. c3 e5 23. Re1 O-O-O 24. Rxf7 exd4 25. Kh1 d3 26. Bb1 Ne5 27. Qf6
Nxf7 28. Qe6+ Rd7 29. Bf4 d5 30. Qg4 Nd6 31. Re7 Qd8 32. Bg5 Qc7 33. Qe6 Nf5
34. Qxa6+ Qb7 35. Qxb7+ Kxb7 36. Rxd7+ Kc6 37. Rf7 Re8 38. Rf6+ Nd6 39. Rf1 Re2
40. h3 Ne4 41. Bh6 Nxc3 42. Rf6+ Bd6 43. Bf4 Ne4 44. Rf7 Re1+ 45. Kh2 Rxb1 46.
Rxh7 Bxf4+ 47. g3 Bxg3+ 48. Kg2 d2 49. Rg7 d1=Q 50. Rxg6+ Kc5 51. Rg7 Qe2# 0-1

[Event "Morbihan 2012"]
[Site "?"]
[Date "2012.01.21"]
[Round "4.18"]
[White "Audren, Jean"]
[Black "Biderbost, Marc"]
[Result "1-0"]
[WhiteElo "1440"]
[BlackElo "1470"]
[PlyCount "95"]
[EventDate "2012.??.??"]

1. d4 Nf6 2. c4 g6 3. Nf3 Bg7 4. Nc3 d6 5. e4 Bg4 6. Be2 Bxf3 7. Bxf3 Nbd7 8.
O-O c5 9. dxc5 Nxc5 10. Qc2 O-O 11. Nd5 Nxd5 12. exd5 e6 13. dxe6 Nxe6 14. Be3
Qe7 15. Rad1 Rfd8 16. Rd3 Ng5 17. Bd5 Ne4 18. f3 Nc5 19. Bxc5 dxc5 20. Kh1 Bd4
21. a3 Re8 22. h3 Qe2 23. Qxe2 Rxe2 24. b4 Rb8 25. b5 Rbe8 26. Bxb7 Ra2 27. Be4
Rc2 28. Rxd4 cxd4 29. Bxc2 Re3 30. Rd1 Rc3 31. Bd3 Rxa3 32. Kh2 Rc3 33. Kg3 Ra3
34. Kf4 a5 35. bxa6 Rxa6 36. Be4 f5 37. Bd5+ Kg7 38. Rxd4 Kf6 39. g4 fxg4 40.
hxg4 h6 41. c5 g5+ 42. Kg3 Ke5 43. Rd3 Ra7 44. Be4 Rc7 45. c6 Ke6 46. Rd8 Kf6
47. Rh8 Kg7 48. Rh7+ 1-0

[Event "Morbihan 2012"]
[Site "?"]
[Date "2012.01.21"]
[Round "4.19"]
[White "Andal, Thomas"]
[Black "Maréchal, Daniel"]
[Result "0-1"]
[WhiteElo "1350"]
[BlackElo "1470"]
[PlyCount "112"]
[EventDate "2012.??.??"]

1. d4 d5 2. c4 Nf6 3. Nc3 c6 4. Nf3 dxc4 5. e4 e6 6. Bg5 Be7 7. Bxc4 Nbd7 8.
O-O O-O 9. Qc2 Nh5 10. Bxe7 Qxe7 11. Rad1 b5 12. Bd3 g6 13. Rfe1 Nf4 14. d5
Nxd3 15. Rxd3 Qc5 16. Qb3 Qc4 17. Qxc4 bxc4 18. Rd4 cxd5 19. exd5 exd5 20. Nxd5
Nb6 21. Ne3 Be6 22. Rc1 Rac8 23. Nd2 Rfd8 24. Rxd8+ Rxd8 25. Rc2 Rc8 26. Kf1
Kg7 27. Ke2 Kf6 28. f4 Ke7 29. g4 Kd6 30. f5 Bd5 31. Nxd5 Kxd5 32. f6 Re8+ 33.
Kf3 Kd4 34. Nf1 g5 35. Rd2+ Kc5 36. Re2 Rxe2 37. Kxe2 Nd5 38. Nd2 Nxf6 39. h3
h6 40. Ke3 a5 41. Ne4+ Nxe4 42. Kxe4 a4 43. Kf5 Kd4 44. a3 Kd3 45. Kf6 Kc2 46.
Kxf7 Kxb2 47. Kg6 c3 48. Kxh6 c2 49. Kxg5 c1=Q+ 50. Kh5 Qd1 51. h4 Kxa3 52. Kh6
Qxg4 53. h5 Qxh5+ 54. Kxh5 Kb3 55. Kg5 a3 56. Kf5 a2 0-1

[Event "Morbihan 2012"]
[Site "?"]
[Date "2012.01.21"]
[Round "4.22"]
[White "Lemoine, Norbert"]
[Black "Noël, Yannick"]
[Result "0-1"]
[WhiteElo "1499"]
[BlackElo "1199"]
[PlyCount "46"]
[EventDate "2012.??.??"]

1. e4 e5 2. f4 Nc6 3. Nf3 d6 4. Bc4 Be7 5. O-O Nf6 6. d3 Bg4 7. c3 d5 8. exd5
Nxd5 9. Qb3 Na5 10. Qa4+ c6 11. Nxe5 Bc5+ 12. Kh1 Nxc4 13. Nxg4 Ncb6 14. Re1+
Be7 15. Qe4 O-O 16. c4 Re8 17. cxd5 Bh4 18. Qxe8+ Qxe8 19. Rxe8+ Rxe8 20. h3
Re1+ 21. Kh2 Rxc1 22. dxc6 bxc6 23. b3 Nd5 0-1

[Event "Morbihan 2012"]
[Site "?"]
[Date "2012.01.21"]
[Round "4.23"]
[White "Ollivier, Lydie"]
[Black "Cheneau, Alain"]
[Result "1-0"]
[WhiteElo "1499"]
[BlackElo "1040"]
[PlyCount "101"]
[EventDate "2012.??.??"]

1. e4 e5 2. Nf3 Nc6 3. Bc4 Bd6 4. O-O Nf6 5. d3 O-O 6. c3 Bc5 7. h3 d6 8. b4
Bb6 9. a3 a5 10. b5 Ne7 11. a4 c6 12. d4 Nxe4 13. Qe2 d5 14. Bb3 exd4 15. cxd4
Nf5 16. Be3 Qf6 17. Qd3 Rd8 18. Nc3 Ra7 19. Nxe4 dxe4 20. Qxe4 Qd6 21. Ng5 Bc7
22. f4 Ng3 23. Bxf7+ Kf8 24. Nxh7+ Kxf7 25. Qe5 Nxf1 26. Qh5+ Qg6 27. Ng5+ Kf6
28. Nh7+ Kf7 29. Qh4 Rd5 30. b6 Bxb6 31. Kxf1 Rh5 32. Ng5+ Kf6 33. Qg3 Bf5 34.
Rc1 Ra8 35. Qf3 Rc8 36. g4 Bd3+ 37. Kf2 Rhh8 38. f5 Qe8 39. Rc3 Bb1 40. Rb3 Bc2
41. Rxb6 Rb8 42. d5 Bxa4 43. Bd4+ Ke7 44. Ne6 Qd7 45. Bxg7 Rhg8 46. f6+ Kf7 47.
Nc5 Qxd5 48. Nxa4 Qxf3+ 49. Kxf3 Rbd8 50. Rxb7+ Ke8 51. f7# 1-0

[Event "Morbihan 2012"]
[Site "?"]
[Date "2012.02.11"]
[Round "5.1"]
[White "Duplessy, Franck"]
[Black "Le Corre, Yves"]
[Result "1-0"]
[WhiteElo "2077"]
[BlackElo "1830"]
[PlyCount "87"]
[EventDate "2012.??.??"]

1. e4 c5 2. Nf3 e6 3. d4 cxd4 4. Nxd4 a6 5. g3 Qc7 6. Bg2 Nf6 7. O-O Be7 8. Re1
d6 9. a4 O-O 10. Be3 Nbd7 11. a5 Ne5 12. Nb3 Nc4 13. Bd4 e5 14. Bc3 Rd8 15. Qe2
Be6 16. N1d2 Rac8 17. Bf1 Nd7 18. Ra4 Nxd2 19. Nxd2 f6 20. Bg2 Nc5 21. Raa1 Qc6
22. Rec1 d5 23. exd5 Bxd5 24. Bxd5+ Rxd5 25. Nc4 Nd7 26. Ne3 Rb5 27. Rd1 Nf8
28. Nf5 Ng6 29. h4 Bf8 30. h5 Nh8 31. Qg4 Nf7 32. Rd7 Ng5 33. Nh4 Bc5 34. Rad1
Bd4 35. Bxd4 exd4 36. Qxd4 Re5 37. Rd8+ Re8 38. Rxc8 Rxc8 39. c3 Re8 40. Qd5+
Qxd5 41. Rxd5 Kf7 42. Rd7+ Re7 43. Rxe7+ Kxe7 44. Nf5+ 1-0

[Event "Morbihan 2012"]
[Site "?"]
[Date "2012.02.11"]
[Round "5.2"]
[White "Jolivel, Dominique"]
[Black "Le Garrec, Maxime"]
[Result "1/2-1/2"]
[WhiteElo "1904"]
[BlackElo "1639"]
[PlyCount "90"]
[EventDate "2012.??.??"]

1. d4 b5 2. e4 Bb7 3. Nd2 a6 4. Ngf3 e6 5. a3 Nf6 6. e5 Nd5 7. c4 bxc4 8. Nxc4
Nc6 9. Be2 Nb6 10. O-O Nxc4 11. Bxc4 Na5 12. Ba2 Rb8 13. b4 Nc6 14. Be3 d5 15.
Rc1 Na7 16. Qc2 c6 17. Qd3 a5 18. Bd2 axb4 19. axb4 Qb6 20. Rfe1 Nb5 21. Rb1
Ra8 22. Bb3 Na3 23. Rb2 Nb5 24. Qe3 Be7 25. Qf4 h6 26. Qg4 g5 27. Qh5 Nxd4 28.
Be3 Nxf3+ 29. gxf3 Qc7 30. Bc5 Bxc5 31. bxc5 Qa5 32. Reb1 Qc7 33. Bxd5 Bc8 34.
Be4 Ke7 35. Rb6 Ra6 36. Rb8 Ra7 37. R8b6 Ra6 38. Rb8 Ra1 39. Rxa1 Qxb8 40. Bxc6
Qc7 41. Be4 Qxc5 42. Ra8 Kf8 43. Kg2 Kg7 44. h4 Qxe5 45. Ra7 Qf6 1/2-1/2

[Event "Morbihan 2012"]
[Site "?"]
[Date "2012.02.04"]
[Round "5.3"]
[White "Cozic, Daniel"]
[Black "Le Corre, Patrick"]
[Result "0-1"]
[WhiteElo "1798"]
[BlackElo "1932"]
[PlyCount "66"]
[EventDate "2012.??.??"]

1. g4 d5 2. Bg2 e5 3. d4 e4 4. g5 Bd6 5. c4 c6 6. Nc3 Ne7 7. Qb3 Bc7 8. e3 b6
9. Nge2 Ba6 10. cxd5 cxd5 11. Bd2 Nbc6 12. h4 O-O 13. f4 Na5 14. Qd1 Nc4 15. b3
Nb2 16. Qc2 Nd3+ 17. Kf1 Nf5 18. Kg1 Bd6 19. Rh3 Rc8 20. Qd1 Ba3 21. h5 Qd6 22.
Rb1 Rc7 23. Ng3 Nxe3 24. Bxe3 Rxc3 25. Nf5 Qc7 26. Qg4 Bc8 27. g6 fxg6 28. hxg6
Bxf5 29. Qh5 hxg6 30. Qh7+ Kf7 31. Rg3 Qc8 32. Qh4 Rh8 33. Qg5 Be7 0-1

[Event "Morbihan 2012"]
[Site "?"]
[Date "2012.02.11"]
[Round "5.4"]
[White "Potier, Pierre"]
[Black "Landais, Romain"]
[Result "1-0"]
[WhiteElo "1600"]
[BlackElo "1898"]
[PlyCount "51"]
[EventDate "2012.??.??"]

1. e4 e5 2. Nf3 Nc6 3. Bc4 Be7 4. Nc3 Nf6 5. d4 exd4 6. Nxd4 Ne5 7. Bb3 Bb4 8.
Qe2 d6 9. Bd2 Bc5 10. Be3 O-O 11. h3 c6 12. O-O-O Qe7 13. Kb1 Bxd4 14. Bxd4 b5
15. f4 Ng6 16. g3 b4 17. Bxf6 Qxf6 18. e5 dxe5 19. Ne4 Qe7 20. Qh5 Nh8 21. f5
h6 22. g4 Kh7 23. h4 f6 24. g5 Qe8 25. Nxf6+ gxf6 26. Qxh6# 1-0

[Event "Morbihan 2012"]
[Site "?"]
[Date "2012.02.11"]
[Round "5.5"]
[White "Pascot, Jean"]
[Black "Hocher, Eugène"]
[Result "1-0"]
[WhiteElo "1866"]
[BlackElo "1755"]
[PlyCount "91"]
[EventDate "2012.??.??"]

1. e4 c5 2. c3 Nc6 3. d4 cxd4 4. Nf3 Qa5 5. Bc4 Nf6 6. O-O e6 7. Re1 dxc3 8.
Nxc3 Ne5 9. Bf1 a6 10. Nd4 Nc6 11. Nxc6 bxc6 12. e5 Nd5 13. Ne4 Qc7 14. Ng5 Be7
15. Bd3 g6 16. Qf3 f5 17. exf6 Bxf6 18. Nxh7 Rxh7 19. Bxg6+ Rf7 20. Bxf7+ Kxf7
21. g4 Kg8 22. g5 Bg7 23. g6 d6 24. Bg5 e5 25. h4 Be6 26. h5 Rf8 27. Qg3 Nf4
28. h6 Nh3+ 29. Kh1 Rxf2 30. Re4 Bd5 31. Qxh3 Bxe4+ 32. Kg1 Bf5 33. Qb3+ d5 34.
Kxf2 Bf8 35. h7+ Kh8 36. Bf6+ Bg7 37. Bxg7+ Kxg7 38. h8=Q+ Kxh8 39. Rh1+ Kg8
40. Rh7 Qd6 41. Qe3 Qf6 42. Rh2 Be4+ 43. Ke1 Bxg6 44. Rf2 Qg7 45. Qg5 Bf7 46.
Qd8+ 1-0

[Event "Morbihan 2012"]
[Site "?"]
[Date "2012.02.11"]
[Round "5.6"]
[White "Pouliquen, Alain"]
[Black "Caderon, Michel"]
[Result "0-1"]
[WhiteElo "1727"]
[BlackElo "2039"]
[PlyCount "76"]
[EventDate "2012.??.??"]

1. d4 Nf6 2. Nf3 g6 3. Bf4 d6 4. e3 Nh5 5. Bg3 Nxg3 6. hxg3 Bg7 7. Bc4 d5 8.
Bb3 e6 9. Nbd2 Nd7 10. Nh2 c6 11. Ng4 h5 12. Nh2 e5 13. c3 Qe7 14. dxe5 Nxe5
15. Ndf3 Bd7 16. Nxe5 Bxe5 17. Nf3 Bf6 18. Qd2 O-O-O 19. O-O-O Rhe8 20. Bc2 Bg7
21. Kb1 Kb8 22. Bd3 c5 23. Bc2 Bc6 24. Rh4 Bf6 25. Rhh1 Bg7 26. Qc1 Bh6 27. Bb3
f5 28. a3 d4 29. cxd4 Bxf3 30. gxf3 cxd4 31. Qc4 dxe3 32. Rxd8+ Rxd8 33. Re1
Rc8 34. Qe2 Re8 35. f4 exf2 36. Qxe7 fxe1=Q+ 37. Qxe1 Rxe1+ 38. Ka2 Re3 0-1

[Event "Morbihan 2012"]
[Site "?"]
[Date "2012.02.11"]
[Round "5.10"]
[White "Georget, Patrice"]
[Black "Audren, Jean"]
[Result "1-0"]
[WhiteElo "1713"]
[BlackElo "1440"]
[PlyCount "67"]
[EventDate "2012.??.??"]

1. d4 d5 2. c4 e6 3. Nf3 Nf6 4. Nc3 c5 5. cxd5 exd5 6. e3 c4 7. g3 Be6 8. Bg2
Be7 9. O-O O-O 10. Re1 Bg4 11. Qc2 Bh5 12. Ne5 Nc6 13. Nxc6 bxc6 14. Qa4 Qd7
15. e4 Bg6 16. exd5 cxd5 17. Qxd7 Nxd7 18. Rxe7 Nb6 19. Bf4 a6 20. Rb7 Nc8 21.
Nxd5 Ra7 22. Rxa7 Nxa7 23. Ne7+ Kh8 24. Nxg6+ hxg6 25. Bd6 Rd8 26. Bc5 Nb5 27.
d5 Rd7 28. a4 Nc7 29. Rd1 Kg8 30. Ba3 a5 31. d6 f5 32. Bc6 Rd8 33. dxc7 Rxd1+
34. Kg2 1-0

[Event "Morbihan 2012"]
[Site "?"]
[Date "2012.02.11"]
[Round "5.11"]
[White "Malry, Célia"]
[Black "Trelohan, Henri"]
[Result "0-1"]
[WhiteElo "1530"]
[BlackElo "1676"]
[PlyCount "110"]
[EventDate "2012.??.??"]

1. c4 c6 2. g3 d5 3. Qc2 g6 4. b3 Bg7 5. Bb2 Nf6 6. Bg2 Bf5 7. d3 O-O 8. e3 Na6
9. Ba3 Nd7 10. Nc3 Qa5 11. Bb2 Nac5 12. Rd1 d4 13. exd4 Bxd4 14. Nf3 Bg7 15.
O-O Nxd3 16. Rxd3 Nc5 17. Ne1 Rad8 18. Be4 Nxe4 19. Rxd8 Rxd8 20. Nxe4 Bxb2 21.
Qxb2 Bxe4 22. Qe2 Bf5 23. Qxe7 Rd7 24. Qg5 Kg7 25. Nf3 Qd8 26. Qxd8 Rxd8 27.
Re1 Be6 28. Ng5 Rd2 29. Nxe6+ fxe6 30. Rxe6 Kf7 31. Re3 Rxa2 32. Kg2 Rb2 33.
Kf3 Rd2 34. Re2 Rxe2 35. Kxe2 Ke6 36. Ke3 c5 37. Ke4 g5 38. f4 gxf4 39. Kxf4 a6
40. g4 b5 41. g5 bxc4 42. bxc4 a5 43. h4 a4 44. h5 a3 45. g6 hxg6 46. hxg6 Kf6
47. g7 Kxg7 48. Ke5 a2 49. Kd5 a1=Q 50. Kxc5 Qa7+ 51. Kd5 Qc7 52. c5 Kf6 53. c6
Ke7 54. Kc5 Ke6 55. Kb5 Kd5 0-1

[Event "Morbihan 2012"]
[Site "?"]
[Date "2012.02.11"]
[Round "5.12"]
[White "Barton, Robin"]
[Black "Le Lostec, Michaël"]
[Result "1-0"]
[WhiteElo "1512"]
[BlackElo "1650"]
[PlyCount "147"]
[EventDate "2012.??.??"]

1. e4 g6 2. d4 Bg7 3. Nc3 d6 4. f4 Nd7 5. Nf3 b6 6. Bb5 Bb7 7. Be3 a6 8. Bd3 c5
9. d5 Ngf6 10. O-O O-O 11. a4 Ng4 12. Bc1 Qc7 13. h3 c4 14. Be2 Qc5+ 15. Kh1
Nf2+ 16. Rxf2 Qxf2 17. e5 Qc5 18. Ne4 Qxd5 19. Nfd2 dxe5 20. Bf3 Qe6 21. Ng5
Bxf3 22. Qxf3 Qf5 23. Nxc4 exf4 24. Bxf4 e5 25. Be3 Qxf3 26. gxf3 Bh6 27. Rd1
Bxg5 28. Bxg5 b5 29. axb5 axb5 30. Nd6 Rab8 31. Be7 Kg7 32. Bxf8+ Nxf8 33. Ne4
Rc8 34. c3 Rc7 35. Rd5 Rb7 36. Rxe5 Ne6 37. Nd6 Rb8 38. Rxb5 Rxb5 39. Nxb5 Nc5
40. b4 Nd3 41. Nd4 Nb2 42. Nc6 Nc4 43. Na5 Nd6 44. c4 Kf6 45. b5 Ke6 46. b6 Kd7
47. c5 Nb5 48. c6+ Kc8 49. Nc4 f6 50. Kg2 Kb8 51. Kf2 Nd4 52. c7+ Kc8 53. Nd6+
Kd7 54. c8=Q+ Kxd6 55. Qd8+ Kc5 56. b7 Nc6 57. b8=Q Nxb8 58. Qxb8 Kd5 59. Qe8
Kd6 60. f4 Kd5 61. Qf7+ Ke4 62. Qxf6 Kd5 63. Ke3 Kc5 64. Qd8 Kc6 65. Kd4 Kb7
66. Kc5 g5 67. f5 g4 68. hxg4 h5 69. gxh5 Ka7 70. f6 Kb7 71. f7 Ka7 72. f8=Q
Kb7 73. Qfe7+ Ka6 74. Qb6# 1-0

[Event "Morbihan 2012"]
[Site "?"]
[Date "2012.02.11"]
[Round "5.14"]
[White "Maréchal, Daniel"]
[Black "Le Coz, Yannick"]
[Result "1-0"]
[WhiteElo "1470"]
[BlackElo "1663"]
[PlyCount "75"]
[EventDate "2012.??.??"]

1. d4 Nf6 2. c3 e5 3. dxe5 Ne4 4. Nf3 d6 5. Qa4+ Nc6 6. Qxe4 dxe5 7. Nxe5 Qe7
8. Qe3 Nxe5 9. f4 Nc4 10. Qxe7+ Bxe7 11. e4 Nd6 12. Bd3 O-O 13. O-O Ne8 14. Be3
Be6 15. Nd2 c5 16. f5 Bd7 17. Rf3 b6 18. e5 f6 19. Be4 Rc8 20. e6 Bb5 21. c4
Ba6 22. b3 Nd6 23. Bd5 g5 24. fxg6 hxg6 25. Bh6 Rfe8 26. Ne4 Nf5 27. Be3 Nh4
28. Nxf6+ Kh8 29. Rf4 g5 30. Rxh4+ gxh4 31. Nxe8 Rxe8 32. Rf1 Bc8 33. Rf7 a6
34. Bf4 Kg8 35. Be5 Bd8 36. Rg7+ Kf8 37. e7+ Rxe7 38. Rg8# 1-0

[Event "Morbihan 2012"]
[Site "?"]
[Date "2012.02.11"]
[Round "5.15"]
[White "Rivalin, Patrick"]
[Black "Cheneau, Lionel"]
[Result "0-1"]
[WhiteElo "1566"]
[BlackElo "1360"]
[PlyCount "28"]
[EventDate "2012.??.??"]

1. c4 d6 2. Nc3 Be6 3. g3 Bxc4 4. Qa4+ b5 5. Nxb5 Bxb5 6. Qxb5+ c6 7. Qb7 Nd7
8. Qxc6 Rc8 9. Qa4 e6 10. Bg2 d5 11. Nf3 Bd6 12. b3 Ngf6 13. Ba3 Qc7 14. Bxd6
Qc1+ 0-1

[Event "Morbihan 2012"]
[Site "?"]
[Date "2012.02.11"]
[Round "5.16"]
[White "Thébaut, Hervé"]
[Black "Guetta, Claude"]
[Result "1-0"]
[WhiteElo "1443"]
[BlackElo "1499"]
[PlyCount "55"]
[EventDate "2012.??.??"]

1. d4 d5 2. c4 Nf6 3. Nc3 Nc6 4. Nf3 Bf5 5. Bf4 e6 6. e3 Be7 7. Bd3 O-O 8. O-O
Bg4 9. c5 Nb4 10. Be2 c6 11. a3 Na6 12. Bd3 Nh5 13. h3 Bf5 14. Be5 Bf6 15. Bd6
Re8 16. g4 Bxd3 17. Qxd3 Rb8 18. gxh5 Be7 19. Be5 Nc7 20. Kh2 b6 21. b4 bxc5
22. dxc5 Bh4 23. Ra2 Rc8 24. Rg1 g6 25. hxg6 hxg6 26. Rxg6+ fxg6 27. Qxg6+ Kf8
28. Qg7# 1-0

[Event "Morbihan 2012"]
[Site "?"]
[Date "2012.02.11"]
[Round "5.17"]
[White "Le Gal, Loïc"]
[Black "Georget, Aymeric"]
[Result "0-1"]
[WhiteElo "1510"]
[BlackElo "1470"]
[PlyCount "86"]
[EventDate "2012.??.??"]

1. c4 e5 2. e3 Nf6 3. g3 Nc6 4. a3 g6 5. Bg2 Bg7 6. Ne2 O-O 7. O-O d6 8. b4 e4
9. Nbc3 Re8 10. d4 exd3 11. Qxd3 Ng4 12. e4 Nge5 13. Qc2 Nxc4 14. Ra2 Bg4 15.
Nd5 Nb6 16. Nef4 Nxd5 17. Nxd5 Be6 18. Bb2 Nd4 19. Qd3 c6 20. Bxd4 cxd5 21.
Bxg7 dxe4 22. Bxe4 Bxa2 23. Bh6 d5 24. Qd4 f6 25. Bd3 Qe7 26. Qg4 Qf7 27. h4
Bc4 28. Rd1 Bxd3 29. Rxd3 Re4 30. Qd1 Rae8 31. Qb3 Rc4 32. Qa4 g5 33. Rxd5 Re1+
34. Kh2 Rh1+ 35. Kxh1 Qxd5+ 36. Kh2 Kf7 37. Qxa7 Rc1 38. Kh3 Rh1+ 39. Kg4 Qe4+
40. f4 Qe6+ 41. Kf3 g4+ 42. Kf2 Qe1+ 43. Kg2 Qf1# 0-1

[Event "Morbihan 2012"]
[Site "?"]
[Date "2012.02.11"]
[Round "5.18"]
[White "Reymond, Stéphane"]
[Black "Josse, Emmanuelle"]
[Result "0-1"]
[WhiteElo "1570"]
[BlackElo "1439"]
[PlyCount "122"]
[EventDate "2012.??.??"]

1. e4 g6 2. d4 Bg7 3. Nc3 d6 4. Be3 Nf6 5. h3 O-O 6. Qd2 e5 7. d5 Ne8 8. Nf3 f5
9. Bh6 f4 10. Bxg7 Nxg7 11. Bc4 g5 12. Nh2 h5 13. O-O-O g4 14. hxg4 hxg4 15. g3
Qf6 16. Qe2 Qg5 17. Kb1 f3 18. Qd3 a6 19. Qd2 Qxd2 20. Rxd2 Rf6 21. Nf1 Bd7 22.
Ne3 b5 23. Bb3 a5 24. a4 b4 25. Na2 Na6 26. Rh4 Rg6 27. Rd1 Nc5 28. Rdh1 Kf7
29. c3 Nxb3 30. Nc4 bxc3 31. Nxc3 Nc5 32. Ne3 Nxa4 33. Nxa4 Bxa4 34. Nxg4 Ke7
35. Ne3 Rf8 36. Nc4 Ra8 37. Ne3 Bd7 38. Rh7 Rg8 39. R1h5 Kd8 40. Rh1 Ne8 41.
R7h4 a4 42. Ka2 Nf6 43. Nd1 Rg4 44. Nc3 Rxh4 45. gxh4 Rg4 46. h5 Rg8 47. Ka3
Rh8 48. h6 Ng4 49. Nxa4 Rxh6 50. Rg1 Rh2 51. b4 Rxf2 52. Nc3 Rg2 53. Rxg2 fxg2
54. Ne2 c6 55. Kb3 cxd5 56. exd5 Kc7 57. Kc4 Kb6 58. Ng1 Bb5+ 59. Kb3 e4 60.
Kc2 Ne3+ 61. Kd2 Nxd5 0-1

[Event "Morbihan 2012"]
[Site "?"]
[Date "2012.02.11"]
[Round "5.19"]
[White "Gautier, Paul"]
[Black "Andal, Thomas"]
[Result "1-0"]
[WhiteElo "1499"]
[BlackElo "1199"]
[PlyCount "108"]
[EventDate "2012.??.??"]

1. b3 e5 2. Bb2 Nc6 3. Nf3 e4 4. Nd4 Bc5 5. Nxc6 bxc6 6. e3 Nf6 7. d4 Be7 8.
Be2 d5 9. h3 O-O 10. Nc3 c5 11. Na4 cxd4 12. Qxd4 Bf5 13. g4 Be6 14. g5 Ne8 15.
h4 f6 16. Nc5 Bxc5 17. Qxc5 fxg5 18. hxg5 Nd6 19. Rg1 Rf7 20. g6 hxg6 21. Rxg6
Bf5 22. Rg3 Qh4 23. O-O-O Be6 24. Rdg1 Nf5 25. R3g2 Qe7 26. Qc6 Raf8 27. Bh5
Qd7 28. Bxf7+ Rxf7 29. Qa8+ Qc8 30. Qxa7 c5 31. Rxg7+ Nxg7 32. Rxg7+ Kf8 33.
Rxf7+ Bxf7 34. Ba3 Qf5 35. Bxc5+ Kg7 36. Bd4+ Kg6 37. Qa6+ Kg5 38. Qf1 Be6 39.
Qg1+ Kh6 40. Qh2+ Kg5 41. Qe5 Qxe5 42. Bxe5 Kf5 43. Bd4 Kg4 44. Kd2 Kf3 45. Ke1
Bd7 46. c3 Bb5 47. a4 Bc6 48. a5 Bb7 49. b4 Ba6 50. Be5 Bb5 51. Bg3 Kg4 52. Kd2
Kf5 53. Kc2 Ke6 54. Kb3 Kd7 {Et 1-0 au 67ème coup.} 1-0

[Event "Morbihan 2012"]
[Site "?"]
[Date "2012.02.11"]
[Round "5.20"]
[White "Noël, Yannick"]
[Black "Ollivier, Lydie"]
[Result "1-0"]
[WhiteElo "1199"]
[BlackElo "1499"]
[PlyCount "87"]
[EventDate "2012.??.??"]

1. e4 c5 2. Nf3 d6 3. d3 Nc6 4. Be3 Nf6 5. Nc3 e6 6. Be2 Be7 7. O-O O-O 8. Qd2
d5 9. exd5 exd5 10. d4 cxd4 11. Bxd4 Ne4 12. Qe3 Bf5 13. Bd3 Nb4 14. Rfe1 Nxd3
15. Qxd3 a6 16. Rad1 Bg6 17. Qe2 Bf6 18. Nxe4 dxe4 19. Bc5 Qc7 20. Bxf8 exf3
21. Qe8 Qc8 22. Qxc8 Rxc8 23. Ba3 fxg2 24. Rd7 h6 25. Be7 Bxb2 26. Rd8+ Rxd8
27. Bxd8 f5 28. Rb1 Bd4 29. Rxb7 f4 30. Rb4 Be5 31. Kxg2 Bxc2 32. Bc7 Bxc7 33.
Rc4 Bb6 34. Rxc2 g5 35. Rc6 Bd8 36. Rc8 Kg7 37. Rxd8 Kg6 38. Rd6+ Kh5 39. Rxa6
g4 40. f3 g3 41. hxg3 Kg5 42. gxf4+ Kf5 43. Rxh6 Kxf4 44. a4 1-0

[Event "Morbihan 2012"]
[Site "?"]
[Date "2012.02.11"]
[Round "5.21"]
[White "Biderbost, Marc"]
[Black "Raoul, Joël"]
[Result "0-1"]
[WhiteElo "1470"]
[BlackElo "1150"]
[PlyCount "52"]
[EventDate "2012.??.??"]

1. d4 d5 2. Nf3 Nc6 3. c3 Nf6 4. Bf4 e6 5. Nbd2 h6 6. Qc2 Bd6 7. Ne5 Bxe5 8.
Bxe5 Qe7 9. e3 O-O 10. Bd3 Nxe5 11. dxe5 Ne4 12. Nxe4 dxe4 13. Bxe4 c6 14.
O-O-O Bd7 15. Rd2 Rfd8 16. f4 b6 17. g4 g6 18. f5 exf5 19. gxf5 Bxf5 20. Bxf5
Qxe5 21. Bxg6 Rxd2 22. Kxd2 Qd5+ 23. Bd3 Qxh1 24. Bh7+ Kh8 25. Qe4 Rd8+ 26. Kc2
Qd1# 0-1

[Event "Morbihan 2012"]
[Site "?"]
[Date "2012.02.11"]
[Round "5.22"]
[White "Cheneau, Alain"]
[Black "Lemoine, Norbert"]
[Result "0-1"]
[WhiteElo "1040"]
[BlackElo "1499"]
[PlyCount "46"]
[EventDate "2012.??.??"]

1. e4 e5 2. Nf3 Nf6 3. Bd3 d6 4. O-O Be7 5. Nc3 a6 6. Qe1 Nc6 7. Qe3 h6 8. Nh4
Nd4 9. Nf5 Nxf5 10. exf5 c6 11. Na4 b5 12. Nc3 d5 13. Qg3 O-O 14. Qxe5 Bd6 15.
Qe2 Re8 16. Qd1 Bb7 17. Re1 Qc7 18. a3 Bxh2+ 19. Kh1 c5 20. g3 Bxg3 21. fxg3
Qxg3 22. Rg1 d4+ 23. Be4 Qh3# 0-1

[Event "Morbihan 2012"]
[Site "?"]
[Date "2012.02.26"]
[Round "6.1"]
[White "Pascot, Jean"]
[Black "Duplessy, Franck"]
[Result "0-1"]
[WhiteElo "1866"]
[BlackElo "2077"]
[PlyCount "138"]
[EventDate "2012.??.??"]

1. e4 c5 2. c3 d5 3. exd5 Qxd5 4. d4 e6 5. Nf3 Nf6 6. c4 Qd8 7. Nc3 Be7 8. Bf4
cxd4 9. Qxd4 O-O 10. Be2 Qa5 11. Qe5 Qxe5 12. Nxe5 Nfd7 13. Nxd7 Bxd7 14. O-O
Bc6 15. Rfd1 Bf6 16. Bd6 Rd8 17. Be5 Be7 18. Rxd8+ Bxd8 19. Rd1 Nd7 20. Bd4 Ba5
21. Nb5 a6 22. Nd6 Bb4 23. Be3 Nf6 24. a3 Ba5 25. f3 h6 26. b4 Bc7 27. b5 axb5
28. Nxb5 Bxb5 29. cxb5 Nd5 30. Bc5 b6 31. Bb4 Ra4 32. Rc1 Nxb4 33. axb4 Bd6 34.
g3 Bxb4 35. Kf1 Bc5 36. Rd1 g6 37. Kg2 Kg7 38. Kf1 h5 39. Rb1 h4 40. gxh4 Rxh4
41. Kg2 Bd6 42. h3 Rh5 43. Rd1 Rg5+ 44. Kh1 Bf4 45. Rg1 Rh5 46. Kg2 Be3 47. Rd1
Rg5+ 48. Kh1 Rg3 49. Rd7 Rxh3+ 50. Kg2 Rh5 51. Bd3 Rg5+ 52. Kf1 Kf6 53. Ke2 Bc5
54. Be4 Rg2+ 55. Kd3 g5 56. Kc3 Rg3 57. Kc4 g4 58. Rd3 gxf3 59. Rxf3+ Rxf3 60.
Bxf3 Ke5 61. Kd3 f5 62. Bc6 Kf4 63. Ke2 e5 64. Bd7 e4 65. Bc8 Ke5 66. Bb7 f4
67. Bc6 f3+ 68. Ke1 Kf4 69. Kf1 e3 0-1

[Event "Morbihan 2012"]
[Site "?"]
[Date "2012.03.10"]
[Round "6.2"]
[White "Le Garrec, Maxime"]
[Black "Le Corre, Patrick"]
[Result "1/2-1/2"]
[WhiteElo "1632"]
[BlackElo "1934"]
[PlyCount "103"]
[EventDate "2012.??.??"]

1. e4 d5 2. exd5 Qxd5 3. Nc3 Qa5 4. Be2 Nf6 5. d4 Bf5 6. Bf3 c6 7. Nge2 e6 8.
O-O Nbd7 9. Ng3 Bg6 10. a3 Nd5 11. Bxd5 cxd5 12. Bd2 Be7 13. f4 O-O 14. f5 exf5
15. Nxf5 Bf6 16. Ne4 Bxd4+ 17. Nxd4 Qb6 18. Bb4 Bxe4 19. Bxf8 Rxf8 20. b4 Ne5
21. c3 Qg6 22. Ra2 Rc8 23. Qd2 Bb1 24. Rxb1 Qxb1+ 25. Kf2 Rxc3 26. Qxc3 Qxa2+
27. Nc2 Nc4 28. Kf3 Qb2 29. Qxb2 Nxb2 30. Ke3 Nc4+ 31. Kd4 Nb6 32. Ne3 Kf8 33.
Nxd5 Nxd5 34. Kxd5 Ke7 35. Ke5 Kd7 36. Kd5 f6 37. a4 g6 38. a5 f5 39. b5 b6 40.
axb6 axb6 41. Ke5 Kc7 42. Kd5 f4 43. Ke5 g5 44. Kf5 h6 45. h4 gxh4 46. Kxf4 Kd6
47. Kg4 Kc5 48. Kxh4 Kxb5 49. Kh5 Kc5 50. Kxh6 b5 51. g4 b4 52. g5 1/2-1/2

[Event "Morbihan 2012"]
[Site "?"]
[Date "2012.03.10"]
[Round "6.3"]
[White "Le Corre, Yves"]
[Black "Potier, Pierre"]
[Result "1-0"]
[WhiteElo "1830"]
[BlackElo "1600"]
[PlyCount "53"]
[EventDate "2012.??.??"]

1. d4 d5 2. c4 Nf6 3. cxd5 Nxd5 4. Nf3 Nc6 5. e4 Nb6 6. d5 Na5 7. Nc3 e6 8. Be2
Bb4 9. O-O O-O 10. dxe6 Bxe6 11. Qc2 h6 12. b3 Nc6 13. Rd1 Qe7 14. Nd5 Bxd5 15.
exd5 Ne5 16. Bb2 Bd6 17. Rac1 Rad8 18. a4 c6 19. dxc6 Nxc6 20. Qc3 f6 21. Bd3
Nd5 22. Bc4 Bb4 23. Qd3 Ne5 24. Bxe5 fxe5 25. Bxd5+ Kh8 26. Qe4 b6 27. Nxe5 1-0

[Event "Morbihan 2012"]
[Site "?"]
[Date "2012.02.25"]
[Round "6.4"]
[White "Caderon, Michel"]
[Black "Annetti, Laurent"]
[Result "1/2-1/2"]
[WhiteElo "2035"]
[BlackElo "1847"]
[PlyCount "81"]
[EventDate "2012.??.??"]

1. e4 Nc6 2. Nf3 e5 3. Bb5 f5 4. Nc3 fxe4 5. Nxe4 d5 6. Nxe5 dxe4 7. Nxc6 Qg5
8. Nd4+ c6 9. Bf1 Bc5 10. Nb3 Bb6 11. d4 Qg6 12. Be3 Nf6 13. Qd2 Be6 14. O-O-O
Rd8 15. c4 O-O 16. h3 Qf7 17. Qc3 a5 18. Nc5 Bxc5 19. dxc5 Rxd1+ 20. Kxd1 Rd8+
21. Kc1 Nh5 22. g3 Qf3 23. Bg2 Qxg2 24. Re1 Qf3 25. Qxa5 Rd7 26. Qc3 Bxh3 27.
Qe5 Nf6 28. b3 Qf5 29. Bf4 Qxe5 30. Bxe5 Ng4 31. Rxe4 Nxf2 32. Re2 Nd3+ 33. Kc2
Nxe5 34. Rxe5 Kf7 35. Re3 Bf5+ 36. Kc3 Re7 37. Rf3 Kg6 38. b4 Re2 39. a3 Rc2+
40. Kb3 Rd2 41. Kc3 1/2-1/2